Psicoterapia para el trastorno límite de la personalidad : tratamiento basado en la mentalización /

El trastorno limítrofe de la personalidad es una severa disfunción de la personalidad caracterizada por rasgos de comportamiento como la impulsividad, trastornos de identidad, conductas suicidas, vacío y relaciones intensas e inestables. En esta obra se describe el trastorno y se propone un nuevo en...

ver descrição completa

Na minha lista:
Detalhes bibliográficos
Autor principal: Bateman, Anthony W. (autor)
Outros Autores: Fonagy, Peter (autor) (autor)
Formato: Livro
Idioma:espanhol
Publicado em: Guadalajara, México : México : Editorial Universitaria ; Asociación Psicoanalítica Mexicana, 2005, c2005
Assuntos:
Tags: Adicionar Tag
Sem tags, seja o primeiro a adicionar uma tag!

MARC

LEADER 00000nam^a2200000^a^4500
001 000193013
005 20250521000000.0
009 20260310102626.702
020 |a 970-27-0780-3 
037 |a Acervo ITESO - Biblioteca 
041 |a ESP 
082 |a 616. 85852  |b BAT 
100 |a Bateman, Anthony W.  |e (autor) 
245 1 0 |a Psicoterapia para el trastorno límite de la personalidad :  |b tratamiento basado en la mentalización /  |c A.W. Bateman, P. Fonagy ; tr. por Jeanette Peña Díaz Cortés, Socorro Ramonet Rascón. 
264 4 |a Guadalajara, México :  |b Editorial Universitaria ;  |a México :  |b Asociación Psicoanalítica Mexicana,  |c 2005, c2005 
300 |a 495 p. 
336 |a texto  |b txt  |2 rdacontenido 
337 |a sin mediación  |b n  |2 rdamedio 
338 |a volumen  |b nc  |2 rdasoporte 
500 |a Traducción de: Psychotherapy for Borderline Personality Disorder 
520 |a El trastorno limítrofe de la personalidad es una severa disfunción de la personalidad caracterizada por rasgos de comportamiento como la impulsividad, trastornos de identidad, conductas suicidas, vacío y relaciones intensas e inestables. En esta obra se describe el trastorno y se propone un nuevo enfoque de tratamiento psicoanalítico, además de que los autores comparan su método con otras psicoterapias. 
649 |a XX 
650 |a Trastornos Limítrofes -  |x Tema Principal 
650 |a Trastornos de la Personalidad 
650 |a Psicopatología 
650 |a Psicoterapia Psicoanalítica 
650 |a Psicoterapia 
700 |a Fonagy, Peter  |e (autor) 
910 |a Fondo General 
920 |a Impresos - Libros 
930 |a Colección General 
905 |a 101 
901 |a 0500137458  |b IT1  |c ACC  |u 20250521 
902 |a https://opac.biblio.iteso.mx/vufind/Record/000193013